HOI4 Country tags - Statistics

General Stats
  • This quiz has been taken 131 times
  • The average score is 74 of 92
Answer Stats
Country Tag % Correct
United States USA
98%
China CHI
96%
France FRA
96%
Italy ITA
96%
Japan JAP
96%
Germany GER
95%
Albania ALB
94%
Austria AUS
94%
Bulgaria BUL
94%
Estonia EST
94%
Greece GRE
94%
Iceland ICE
94%
Romania ROM
94%
Yugoslavia YUG
94%
Belgium BEL
93%
Denmark DEN
93%
Finland FIN
93%
Hungary HUN
93%
Ireland IRE
93%
Lithuania LIT
93%
Sweden SWE
93%
Czechoslovakia CZE
92%
Ethiopia ETH
92%
Latvia LAT
92%
Liberia LIB
92%
Luxembourg LUX
92%
Norway NOR
92%
Poland POL
92%
Soviet Union SOV
92%
Switzerland SWI
92%
Guatemala GUA
91%
Mongolia MON
91%
Portugal POR
91%
Tibet TIB
91%
Yunnan YUN
91%
Spain (Nationalist) SPA
90%
Manchukuo MAN
89%
Tannu-Tuva TAN
89%
Jordan JOR
88%
Mengkukuo MEN
87%
Oman OMA
87%
Yemen YEM
87%
Canada CAN
86%
Kuwait KUW
86%
British Malaya MAL
86%
Syria SYR
85%
Bhutan BHU
84%
Iraq IRQ
84%
Lebanon LEB
84%
Nepal NEP
84%
Afghanistan AFG
83%
Türkiye TUR
83%
Mandate of Palestine PAL
82%
British Raj RAJ
82%
Philippines PHI
81%
Siam SIA
81%
Xibei San Ma XSM
80%
Iran PER
79%
Honduras HON
78%
Mexico MEX
78%
Saudi Arabia SAU
78%
Cuba CUB
77%
United Kingdom ENG
77%
Haiti HAI
76%
Costa Rica COS
75%
Nicaragua NIC
75%
Brazil BRA
74%
Colombia COL
74%
Dominican Republic DOM
74%
Ecuador ECU
74%
Panama PAN
74%
Venezuela VEN
74%
Bolivia BOL
73%
El Salvador ELS
73%
Argentina ARG
72%
Netherlands HOL
72%
South Africa SAF
70%
Peru PRU
68%
Paraguay PAR
67%
Australia AST
66%
Chile CHL
66%
Shanxi SHX
66%
Uruguay URG
64%
Spain (Republican) SPR
61%
New Zealand NZL
59%
Sinkiang SIK
58%
Communist China PRC
57%
Myanmar/Burma BRM
46%
Belgian Congo COG
31%
Guangxi GXC
31%
Dutch East Indies INS
27%
Aussa AFA
23%
No matching quizzes found
Score Distribution
Percent of People with Each Score
Percentile by Number Answered
Your Score History
You have not taken this quiz